| 000 | 00886nam a22003017a 4500 | ||
|---|---|---|---|
| 001 | BR9506137 | ||
| 003 | BR-BrBNA | ||
| 005 | 20230928094546.0 | ||
| 007 | ta | ||
| 008 | 230509b bl.||||| |||| 00| 0 por d | ||
| 040 |
_aBR-BrBNA _bpor _cBiblioteca Nacional de Agricultura |
||
| 041 | _a(Por) | ||
| 072 |
_aK50 _b8901 |
||
| 090 | _ 8901 BR9506137 | ||
| 100 | 1 | _aSilva, F.M. da | |
| 110 | 1 |
_aEscola Superior de Agricultura Luiz de Queiroz, Piracicaba, SP (Brasil) _0Tese (Mestre em Ciencias) |
|
| 245 | 1 | _aEspecies tropicais para manufatura de paineis compensados | |
| 260 | 3 |
_aPiracicaba, SP (Brasil): _c1994. |
|
| 300 | _a68 p. | ||
| 500 | _a12 graphs; 18 tables; Summaries (Eng, Por); 44 ref. | ||
| 650 | _aMadeira | ||
| 650 | _aLaminado | ||
| 650 | _aCompensado | ||
| 650 | _aSecagem | ||
| 650 | _aPrensagem | ||
| 909 |
_a202309 _bLucia _c55 _dLucia Elande |
||
| 942 | _cBK | ||
| 999 |
_c51333 _d51333 |
||